Statistics for US States That Are The Only One That Begin With Their First Letter

Click here to take the quiz!

General Stats

  • This quiz has been taken 62 times
  • The average score is 6 of 8

Answer Stats

Answer% Correct
Florida
91%
Georgia
85%
Hawaii
85%
Delaware
70%
Utah
66%
Rhode Island
62%
Pennsylvania
60%
Louisiana
53%

Score Distribution

Percentile by Number Answered

Percent of People with Each Score

Your Score History

You have not taken this quiz